000 00617nam a2200193Ii 4500
003 JO-AjNU
008 230605s9999||||xx |||||||||||||| ||und||
040 _aJO-AjNU
_bara
_erda
_cJO-AjNU
041 _aara
050 1 4 _aLA17.M3388.1993
100 3 _aسلطان،محمود السيد,
_eauthor
_97262
245 0 0 _aمقدمة في التربية
264 3 1 _aالقاهرة:دار المعارف،1993
300 _a174ص
336 _atext
_btxt
_2rdacontent
337 _aunmediated
_bn
_2rdamedia
338 _avolume
_bnc
_2rdacarrier
650 4 _aالتربية والتعليم-فلسفة ونظريات
_97263
999 _aA191
_c3759
_d3759